Cinobanský občasník

Bibliographic Details
Other Authors: Očovanová, Silvia (Publishing director)
Format: Journal
Language:Slovak
PhysicalDescription:zv. 30 cm
Published: Cinobaňa Obecný úrad 2004-
Cinobaňa Obec
ISSN:1339-1011
Subjects:

MARC

LEADER 00000cas a2200000 a 4500
001 vtls009087288
003 SK-MaSNL
005 20260228160307.0
008 070816c20049999xo br|p 0 b0slo
022 |a 1339-1011 
040 |a SNK  |b slo  |c SNK  |e AACR2 
041 0 |a slo 
043 |a e-xo--- 
044 |a xo  |c SK 
072 7 |a 394  |x Verejný a spoločenský život. Každodenný život  |2 konspekt 
072 7 |a 352/354  |x Stupne miestnej, oblastnej a ústrednej správy  |2 konspekt 
072 7 |a 316.7  |x Sociológia kultúry. Kultúrny život  |2 konspekt 
080 |a 394  |2 2011 
080 |a 353.9  |2 2011 
080 |a 316.728  |2 2011 
080 |a (437.642.117.127)  |2 2001 
080 |a (051)+(054)  |2 2011 
080 |a 050  |2 2011 
210 0 |a Cinobanský občas. 
222 0 |a Cinobanský občasník 
245 0 0 |a Cinobanský občasník 
260 |a Cinobaňa  |b Obecný úrad  |c 2004- 
260 3 |3 2/2007-  |a Cinobaňa  |b Obec 
300 |a zv.  |c 30 cm 
310 |a 1x za 2 mesiace 
362 0 |a [2004]- 
500 |a Popis podľa: Roč. II, č. 6 (2006) 
500 |a Národná agentúra ISSN uvádza začiatok vydávania r. 2004 
500 |a Evidenčné číslo: EV 3153/09 
500 |a Šéfredaktor: Silvia Očovanová 
650 0 7 |a každodenný život  |2 SNKPH  |9 4946 
650 0 7 |a územná samospráva  |2 SNKPH  |9 802 
651 7 |a Cinobaňa (Slovensko)  |2 SNKPHgeo  |9 114634 
655 7 |a miestne periodiká  |2 SNKPH  |9 160938 
700 1 |a Očovanová, Silvia  |4 pbd  |9 266345 
856 4 0 |a http://www.cinobana.sk/obecne-noviny-.html 
910 |a snk 
916 |a 2006-2017 
999 |c 2072  |d 4002 
952 |0 0  |1 0  |4 0  |7 0  |8 0  |a SNK  |b SNK  |d 2019-10-30  |i snk2019/27907  |l 0  |o snkČSB 6678/14/2018  |p 17A1370904  |r 2026-02-21 22:07:45  |t č. 1-6  |w 2026-02-21  |y PREZ 
952 |0 0  |1 0  |3 Spoločne zviazané r. 2006-2010  |4 0  |7 0  |8 0  |a SNK  |b SNK  |d 2018-06-07  |f 1  |i snk2018/12378  |l 0  |o snkČSB 6678/2/2006  |p 17A1325548  |r 2026-02-21 22:12:50  |t č. 1-6, neúplné  |w 2026-02-21  |y PREZ  |z Chýba č. 1-5. ; Spoločne zviazané r. 2006-2010 
952 |0 0  |1 0  |3 Spoločne zviazané r. 2006-2010  |4 0  |7 0  |8 0  |a SNK  |b SNK  |d 2018-06-07  |f 1  |i snk2018/12378  |l 0  |o snkČSB 6678/3/2007  |p 17A1325549  |r 2026-02-21 22:12:50  |t č. 1-6  |w 2026-02-21  |y PREZ  |z Spoločne zviazané r. 2006-2010 
952 |0 0  |1 0  |3 Spoločne zviazané r. 2006-2010  |4 0  |7 0  |8 0  |a SNK  |b SNK  |d 2018-06-07  |f 1  |i snk2018/12378  |l 0  |o snkČSB 6678/4/2008  |p 17A1325550  |r 2026-02-21 22:12:50  |t č. 1-6  |w 2026-02-21  |y PREZ  |z Spoločne zviazané r. 2006-2010 
952 |0 0  |1 0  |3 Spoločne zviazané r. 2006-2010  |4 0  |7 0  |8 0  |a SNK  |b SNK  |d 2018-06-07  |f 1  |i snk2018/12378  |l 0  |o snkČSB 6678/5/2009  |p 17A1325551  |r 2026-02-21 22:12:50  |t č. 1-6  |w 2026-02-21  |y PREZ  |z Spoločne zviazané r. 2006-2010 
952 |0 0  |1 0  |3 Spoločne zviazané r. 2006-2010  |4 0  |7 0  |8 0  |a SNK  |b SNK  |d 2018-06-07  |f 1  |i snk2018/12378  |l 0  |o snkČSB 6678/6/2010  |p 17A1325552  |r 2026-02-21 22:12:50  |t č. 1-6  |w 2026-02-21  |y PREZ  |z Spoločne zviazané r. 2006-2010 
952 |0 0  |1 0  |3 Spoločne zviazané r. 2011-2017  |4 0  |7 0  |8 0  |a SNK  |b SNK  |d 2018-06-07  |f 1  |i snk2018/12398  |l 0  |o snkČSB 6678/7/2011  |p 17A1325553  |r 2026-02-21 22:12:50  |t č. 1-6 + príl.  |w 2026-02-21  |y PREZ  |z Príl.: Separujeme odpad. ; Spoločne zviazané r. 2011-2017 
952 |0 0  |1 0  |3 Spoločne zviazané r. 2011-2017  |4 0  |7 0  |8 0  |a SNK  |b SNK  |d 2018-06-07  |f 1  |i snk2018/12398  |l 0  |o snkČSB 6678/8/2012  |p 17A1325554  |r 2026-02-21 22:12:50  |t č. 1-6  |w 2026-02-21  |y PREZ  |z Spoločne zviazané r. 2011-2017 
952 |0 0  |1 0  |3 Spoločne zviazané r. 2011-2017  |4 0  |7 0  |8 0  |a SNK  |b SNK  |d 2018-06-07  |f 1  |i snk2018/12398  |l 0  |o snkČSB 6678/9/2013  |p 17A1325555  |r 2026-02-21 22:12:50  |t č. 1-6  |w 2026-02-21  |y PREZ  |z Spoločne zviazané r. 2011-2017 
952 |0 0  |1 0  |3 Spoločne zviazané r. 2011-2017  |4 0  |7 0  |8 0  |a SNK  |b SNK  |d 2018-06-07  |f 1  |i snk2018/12398  |l 0  |o snkČSB 6678/10/2014  |p 17A1325556  |r 2026-02-21 22:12:50  |t č. 1-6  |w 2026-02-21  |y PREZ  |z Spoločne zviazané r. 2011-2017 
952 |0 0  |1 0  |3 Spoločne zviazané r. 2011-2017  |4 0  |7 0  |8 0  |a SNK  |b SNK  |d 2018-06-07  |f 1  |i snk2018/12398  |l 0  |o snkČSB 6678/11/2015  |p 17A1325557  |r 2026-02-21 22:12:50  |t č. 1-6, neúplné  |w 2026-02-21  |y PREZ  |z Chýba č. 2. ; Spoločne zviazané r. 2011-2017 
952 |0 0  |1 0  |3 Spoločne zviazané r. 2011-2017  |4 0  |7 0  |8 0  |a SNK  |b SNK  |d 2018-06-07  |f 1  |i snk2018/12398  |l 0  |o snkČSB 6678/12/2016  |p 17A1325558  |r 2026-02-21 22:12:50  |t č. 1-6  |w 2026-02-21  |y PREZ  |z Spoločne zviazané r. 2011-2017 
952 |0 0  |1 0  |3 Spoločne zviazané r. 2011-2017  |4 0  |7 0  |8 0  |a SNK  |b SNK  |d 2018-06-07  |f 1  |i snk2018/12398  |l 0  |o snkČSB 6678/13/2017  |p 17A1325559  |r 2026-02-21 22:12:50  |t č. 1-6  |w 2026-02-21  |y PREZ  |z Spoločne zviazané r. 2011-2017